000 00292nam a2200121Ia 4500
005 20251222152612.0
008 251222s9999||||xx |||||||||||||| ||spa||
020 _a8487699049
082 _a344.4601/B16
100 _aBaylos Grau, Antonio
245 0 _aDerecho Penal del trabajo
942 _cLIB
999 _c27018
_d27018